How to spend $50 billion to make the world a better place

Bibliographic Details
Other Authors: Bjorn Lomborg
Format: Book
Published: New York : Cambridge University Press , 2006
Subjects:

MARC

LEADER 00000cam a2200000 7i4500
001 0000013777
005 20090120.0
008 080403
020 |a 0521685710 
090 0 0 |a 822.33   |b HOW 
245 1 0 |a How to spend $50 billion to make the world a better place   |c edited by Bjorn Lomborg 
260 |a New York :   |b Cambridge University Press ,   |c 2006 
650 0 |a Economic development 
650 0 |a Globalization 
650 0 |a International cooperation 
700 0 |a Bjorn Lomborg 
999 |a 0001039175   |b Book   |c Adult Collection   |e Perbadanan Perpustakaan Awam Johor